Responses for show #3738 - Wednesday, November 29, 2000

Contestants

Tim Morton, a military analyst from Stevensville, Maryland

Deb Fleisig, a network analyst from Cranston, Rhode Island

Scott Rogers, a magazine editor from Alexandria, Virginia (whose 1-day cash winnings total $16,700)

Jeopardy! Round responses

THE VIKING WORLD
NICKNAMES
OFFICIAL STATE THINGS
APPLES & ORANGES
COMIC GENIUSES
"TRIPLE" JEOPARDY!
    $100 1
Sword

Deb
    $100 2
Tipper

Deb
    $100 7
Wisconsin

Scott
    $100 17
Agent Orange

Scott
    $100 12
(Alex: [Imitates W.C. Fields] That's right, yesss.)

W.C. Fields

Scott
    $100 20
Triple Crown

Deb
    $200 13
Iceland

Scott
    $200 3
(Deb: What is "Dutch?")

"The Gipper"

ScottDeb
    $200 8
Alaska

Deb
    $200 18
Golden apples

Tim
    $200 19
"Beyond the Fringe"

Triple Stumper
    $200 21
Triple-decker sandwich

Deb
    $300 14
Horns

Tim
    $300 4
"The Ripper"

Scott
    $300 9
Hawaii

Tim
    $300 22
(Scott: What is a navel orange?)

Valencia orange

ScottDeb
    $300 28
Sid Caesar

Triple Stumper
    $300 25
(Tim: What is a no-hitter?)

Triple play

ScottTim
    $400 15
Britain

Triple Stumper
    $400 5
Chipper

Scott
    $400 10
South Dakota

Scott
    $400 23
Syracuse University

Tim
    $400 29
Madeline Kahn

Deb
    $400 26
Triple sec

Tim
    $500 16
Norway

Deb
    $500 6
"Dipper"

Triple Stumper
    $500 11
Colorado

Deb
    $500 24
(Deb: What is apple pie?)

Apple Pan Dowdy

DebTim
    $800 30
(Deb: Who is Zero Mostel?)

Jackie Mason

Deb
    $500 27
Triple Alliance

Scott

Scores at the first commercial break (after clue 16):

Scott Deb Tim
$1,700 $1,200 $600

Scores at the end of the Jeopardy! Round:

Scott Deb Tim
$2,300 $900 $1,800

Double Jeopardy! Round responses

MEDICAL TERMS
ACCUSTOMED TO PUBLIC SPEAKING
SINGERS' AUTOBIOGRAPHIES
"B"-'52s
(Alex: Each correct response will begin with the letter "B" and it refers to something that occurred in 1952.)
LOVE SHAQ
ROAM
    $200 1
Posterior

Scott
    $200 13
Joseph Stalin

Scott
    $200 8
Sonny Bono

Deb
    $200 15
Ingrid Bergman

Deb
    $200 26
[End-of-round signal sound.]

Backboard

Tim
    $200 2
Trail

Tim
    $400 3
Childbirth

Tim
    $400 14
Henny Youngman

Tim
    $400 9
(Scott: Who is Dolly Parton?)

Glen Campbell

ScottDeb
    $400 16
Robert Byrd

Scott
    $400 7
Wales

Deb
    $600 4
Tummy tuck

Deb
    $600 25
Adolf Hitler

Scott
    $600 10
Meat Loaf

Deb
    $600 17
(Deb: Who is Fidel Castro?)

Fulgencio Batista

DebTim
    $600 20
(Scott: What is Argentina?)
(Alex: Minute to go...)

Paraguay

ScottTim
    $800 5
Sarcoma

Deb
    $800 24
Socrates

Tim
    $800 11
(Deb: Oh, I don't know... who is Paul McCartney?)

Eric Burdon (who was in The Animals)

Deb
    $1,400 18
(Tim: Who is Yitzhak Rabin?)

Menachem Begin

Tim
    $800 21
Timbuktu

Tim
    $1000 6
(Tim: What is turf knee?)

Turf toe

Tim
Triple Stumper
    $1000 23
Martin Luther

Scott
    $1000 12
(Deb: Who is Diana Ross?)
(Tim: Who is Mary White?)

Mary Wilson

DebTim
Triple Stumper
    $1000 19
Jacques Barzon

Triple Stumper
    $1000 22
Estonia

Tim

Scores at the end of the Double Jeopardy! Round:

Scott Deb Tim
$3,700 $1,700 $3,400

[wagering suggestions for these scores]

Final Jeopardy! Round responses

LITERARY CHARACTERS
DebWho is
$1,698
TimWho Long John Silver
$301
ScottWho is Long John Silver
$3,200
The Count of Monte Cristo (Edmond Dantes)

Final scores:

Scott Deb Tim
$500 $2 $3,099
2nd place: Caribbean Cruise courtesy of ByeByeNow.com 3rd place: High Sierra Sport Company AT Gear Collection New champion: $3,099

Game dynamics:

Coryat scores:

Scott Deb Tim
$3,700 $3,300 $4,800
15 R,
3 W
16 R,
6 W
(including 2 DDs)
15 R,
4 W
(including 1 DD)

Combined Coryat: $11,800

The J! Archive is created by fans, for fans. The Jeopardy! game show and all elements thereof, including but not limited to copyright and trademark thereto, are the property of Jeopardy Productions, Inc. and are protected under law. This website is not affiliated with, sponsored by, or operated by Jeopardy Productions, Inc. Join the discussion at JBoard.tv.